header

Productivity in the U.S. services sector (Record no. 73315)

MARC details
000 -LEADER
fixed length control field 01347nam a22003134a 4500
082 04 - DEWEY DECIMAL CLASSIFICATION NUMBER
Classification number 338.4/5/0973
100 1# - MAIN ENTRY--AUTHOR NAME
Personal name Triplett, Jack E.
245 10 - TITLE STATEMENT
Title Productivity in the U.S. services sector
260 ## - PUBLICATION, DISTRIBUTION, ETC. (IMPRINT)
Place of publication Washington, D.C. :
Name of publisher Brookings Institution Press,
Year of publication c2004.
300 ## - PHYSICAL DESCRIPTION
Number of Pages ix, 401 p. :
Other physical details ill.
650 #0 - SUBJECT ADDED ENTRY--TOPICAL TERM
Topical Term Service industries
Topical Term Industrial productivity
700 1# - ADDED ENTRY--PERSONAL NAME
Personal name Bosworth, Barry,
856 40 - ELECTRONIC LOCATION AND ACCESS
Uniform Resource Identifier http://site.ebrary.com/lib/rucke/Doc?id=10077287

No items available.

© 2026 Rongo University
Contact us: librarian | system librarian | Rongo university